000
00235 a2200097 4500
001
52850
100
_a
Penfold, R A
245
_a
How to Build Advanced Short Wave Receivers
260
_a
London
_b
Bernards Ltd
_c
090
_c
33251
_d
33251
942
_a
NUST-CAE
_c
M
_c
25838
999
_c
287923
_d
287923